000 01062naa a22003377a 4500
001 BR8900576
003 BR-BrBNA
005 20240918180414.0
007 ta
008 230509b bl.||||| |||| 00| 0 por d
040 _aBR-BrBNA
_bpor
_cBiblioteca Nacional de Agricultura
041 _a(Pt)
072 _aQ02
_b2120
_b9205
090 _aQ02 BR8900576
100 1 _aSilva, J. de S. e
100 1 _aSoares, A.G.O.
100 1 _aDaspasquale, V.A.
100 1 _aOliveira, J.L. de
111 1 _a4. Encontro Nacional de Secagem
_cVicosa, MG (Brazil)
_d2-4 Mar 1983
245 1 _aSecagem de cafe em secadores de fluxo concorrente
260 3 _aVicosa, MG (Brasil):
_c1983.
500 _a4. Encontro Nacional de Secagem Vicosa, MG (Brasil): 1983. p. 107-119 (BR8900576-AM)Q02
650 _aCAFE
650 _aGRAO
650 _aSECAGEM
650 _aSECADOR
650 _aAERACAO
773 0 _t4. Encontro Nacional de Secagem
_wQ02 BR8900576
_gVicosa, MG (Brasil), 1983. p. 107-119
909 _a202404
_bLucia
_c55
_dLucia Elande
942 _cAM
_2AGRIS
999 _c320242
_d320242